Statistics for Hogan Cup

Click here to take the quiz!

General Stats

  • This quiz has been taken 3 times
  • The average score is 3 of 29

Answer Stats

NWinsRunners-UpAnswer% Correct
2010St Joseph's
100%
2010Knockbeg College
50%
444St Brendan's
50%
282St Colman's
50%
11214St Jarlath's College
50%
2010Abbey CBS
0%
2010Ardscoil Rís
0%
732Carmelite College
0%
641Coláiste Chríost Rí
0%
2010Coláiste Na Sceilge
0%
1112Franciscan College
0%
1411Good Counsel
0%
2010Intermediate School
0%
2010Omagh CBS
0%
1020Pobalscoil Chorca Dhuibhne
0%
1411St Colman's College
0%
2010St Columb's
0%
1411St Fachtna's
0%
2010St Mary's CBS
0%
1411St Mary's Secondary School
0%
542St Mel's College
0%
1112St Michael's College
0%
1411St Nathy's
0%
921St Patrick's Academy
0%
1411St Patrick's, Cavan
0%
356St Patrick's College
0%
1112St Patrick's Grammar School
0%
832St Patrick's, Navan
0%
2010St Ronan's
0%

Score Distribution

Percentile by Number Answered

Percent of People with Each Score

Your Score History

You have not taken this quiz